[Event "Paul Keres mem (35th)"]
[Site "Richmond CAN"]
[Date "2010.05.22"]
[Round "1.7"]
[White "Milicevic, Dragoljub"]
[Black "Molden, Leonard"]
[Result "1-0"]
[WhiteElo "2230"]
[BlackElo "1997"]
[PlyCount "81"]
[EventDate "2010.05.22"]
[EventType "swiss"]
[EventRounds "6"]
[EventCountry "CAN"]

1. Nf3 Nc6 2. d4 d5 3. g3 Bg4 4. Bg2 Qd7 5. h3 Bf5 6. a3 Rd8 7. Nc3 f6 8. Nh4
Be6 9. f4 Nh6 10. g4 g6 11. Qd3 f5 12. g5 Nf7 13. Nf3 Nd6 14. Ne5 Nxe5 15. fxe5
Ne4 16. Bf4 c6 17. O-O-O b5 18. Na2 c5 19. Qe3 c4 20. h4 b4 21. Nxb4 Qa4 22.
Bxe4 fxe4 23. h5 Rg8 24. Na2 Rc8 25. hxg6 hxg6 26. Rh7 Kd7 27. Nc3 Qa5 28. Qd2
Rb8 29. Nxe4 Qxd2+ 30. Nxd2 Rb7 31. Nb1 Bg4 32. Nc3 Kc6 33. Rh4 Bh5 34. e6 Bg7
35. Rd2 Rgb8 36. Bxb8 Rxb8 37. e4 dxe4 38. d5+ Kc7 39. Rxe4 Rf8 40. Rxc4+ Kd6
41. Kb1 1-0

[Event "Paul Keres mem (35th)"]
[Site "Richmond CAN"]
[Date "2010.05.22"]
[Round "1.8"]
[White "Lister, Curtis"]
[Black "Thorgeirsson, Sverrir"]
[Result "0-1"]
[WhiteElo "1971"]
[BlackElo "2218"]
[PlyCount "68"]
[EventDate "2010.05.22"]
[EventType "swiss"]
[EventRounds "6"]
[EventCountry "CAN"]

1. e4 e6 2. d4 d5 3. Nc3 Nf6 4. Bd3 c5 5. exd5 cxd4 6. Bb5+ Bd7 7. Bxd7+ Qxd7
8. Qxd4 Nc6 9. Qa4 exd5 10. Bf4 Qg4 11. Nge2 Bb4 12. O-O-O O-O 13. f3 Qg6 14.
g4 Bxc3 15. Nxc3 d4 16. Nb5 Nd5 17. Bd2 a6 18. Qb3 Rfd8 19. Na3 b5 20. h4 Qd6
21. Rhe1 Rac8 22. Kb1 Nf4 23. Re4 Ne6 24. Ree1 Qc7 25. Bb4 Qb7 26. Rxe6 fxe6
27. Qxe6+ Qf7 28. Qxf7+ Kxf7 29. Bd2 Re8 30. b3 Re2 31. Kb2 Ne5 32. Bb4 d3 33.
Bc3 b4 34. Bxb4 dxc2 0-1

[Event "Paul Keres mem (35th)"]
[Site "Richmond CAN"]
[Date "2010.05.22"]
[Round "1.9"]
[White "Wu, Howard"]
[Black "Trandafir, Stefan"]
[Result "1-0"]
[WhiteElo "2187"]
[BlackElo "1885"]
[PlyCount "73"]
[EventDate "2010.05.22"]
[EventType "swiss"]
[EventRounds "6"]
[EventCountry "CAN"]

1. e4 c5 2. Nf3 Nc6 3. Bb5 g6 4. O-O Bg7 5. c3 a6 6. Bxc6 dxc6 7. d3 Bg4 8. h3
Bxf3 9. Qxf3 e5 10. Be3 Qe7 11. Nd2 Nf6 12. b4 cxb4 13. cxb4 Nd7 14. Nc4 O-O
15. Rab1 f5 16. Rfc1 f4 17. Bc5 Nxc5 18. bxc5 Rab8 19. Na5 Qd7 20. Rb3 Qe7 21.
Rb6 Bf6 22. Qd1 f3 23. Qb3+ Kh8 24. Nxc6 Qg7 25. Nxb8 Qh6 26. Rc2 fxg2 27. Qe6
Bh4 28. Qxe5+ Kg8 29. Kxg2 Bxf2 30. Rf6 Rxf6 31. Qxf6 Bh4 32. Qe6+ Kg7 33. Nd7
Qe3 34. Qg4 Qxd3 35. Re2 h5 36. Ne5 Bg5 37. Nxd3 1-0

[Event "Paul Keres mem (35th)"]
[Site "Richmond CAN"]
[Date "2010.05.22"]
[Round "1.10"]
[White "Lai, Jingzhou (Peter)"]
[Black "Patterson, Roger"]
[Result "1/2-1/2"]
[WhiteElo "1854"]
[BlackElo "2183"]
[PlyCount "51"]
[EventDate "2010.05.22"]
[EventType "swiss"]
[EventRounds "6"]
[EventCountry "CAN"]

1. d4 f5 2. Nf3 Nf6 3. g3 g6 4. Bg2 Bg7 5. O-O O-O 6. c4 d6 7. Nc3 Qe8 8. Qb3
c6 9. Bf4 Nbd7 10. c5+ d5 11. Bc7 Ne4 12. Nxe4 fxe4 13. Ng5 Bxd4 14. Nxe4 Kh8
15. Qb4 Bg7 16. Ng5 Ne5 17. Qh4 h5 18. Bh3 Bxh3 19. Nxh3 Rc8 20. Bxe5 Bxe5 21.
Qg5 Bg7 22. Nf4 Kh7 23. Ne6 Rf6 24. Qe5 Qd7 25. Nxg7 Kxg7 26. f4 1/2-1/2

[Event "Paul Keres mem (35th)"]
[Site "Richmond CAN"]
[Date "2010.05.22"]
[Round "1.14"]
[White "Wilson Tagoe, George"]
[Black "Salcedo, Daniel"]
[Result "0-1"]
[WhiteElo "1743"]
[BlackElo "2084"]
[PlyCount "66"]
[EventDate "2010.05.22"]
[EventType "swiss"]
[EventRounds "6"]
[EventCountry "CAN"]

1. e4 d6 2. d4 Nf6 3. Bd3 g6 4. Nf3 Bg7 5. O-O O-O 6. Bf4 c6 7. Nc3 Bg4 8. Be2
Nbd7 9. Qd2 Qc7 10. Rfd1 e5 11. dxe5 dxe5 12. Bh6 Nc5 13. Bxg7 Kxg7 14. Qe3 Ne6
15. Rd2 b5 16. Rad1 Rfd8 17. Rxd8 Rxd8 18. Rxd8 Nxd8 19. Qd3 Ne6 20. h3 Bxf3
21. Bxf3 Nd4 22. Ne2 Nxe2+ 23. Qxe2 Qd6 24. Qd3 Qb4 25. Qc3 Qxc3 26. bxc3 Nd7
27. Kf1 Kf6 28. Ke2 Ke7 29. Ke3 Kd6 30. Be2 Kc5 31. f4 f6 32. Bg4 exf4+ 33.
Kxf4 Ne5 0-1

[Event "Paul Keres mem (35th)"]
[Site "Richmond CAN"]
[Date "2010.05.22"]
[Round "2.1"]
[White "Thorgeirsson, Sverrir"]
[Black "Orlov, Georgi"]
[Result "1-0"]
[WhiteElo "2218"]
[BlackElo "2546"]
[PlyCount "101"]
[EventDate "2010.05.22"]
[EventType "swiss"]
[EventRounds "6"]
[EventCountry "CAN"]

1. d4 Nf6 2. c4 Nc6 3. Nf3 e6 4. g3 Bb4+ 5. Bd2 Qe7 6. Bg2 Bxd2+ 7. Nbxd2 d6 8.
O-O O-O 9. Nb1 e5 10. e3 Bg4 11. h3 Bh5 12. g4 Bg6 13. Qb3 Rab8 14. Nc3 Rfe8
15. Rad1 exd4 16. Nxd4 Nxd4 17. Rxd4 h5 18. g5 Nd7 19. h4 Nc5 20. Qd1 c6 21.
Qd2 Rbd8 22. Rd1 Qe6 23. Rxd6 Rxd6 24. Qxd6 Qxd6 25. Rxd6 a5 26. Bf3 Kf8 27. b3
Ke7 28. Rd2 Bf5 29. Be2 g6 30. f3 Ra8 31. e4 Be6 32. Kf2 Rf8 33. Ke3 Ra8 34.
Rd1 Rc8 35. Rd2 Ra8 36. Nd1 Rb8 37. Nb2 b5 38. cxb5 cxb5 39. Rc2 Nd7 40. Nd3
Kd6 41. Nf4 Ne5 42. Nxe6 fxe6 43. f4 Ng4+ 44. Bxg4 hxg4 45. Kf2 e5 46. f5 gxf5
47. exf5 Kd5 48. f6 Ke4 49. Kg3 Kd3 50. Rg2 e4 51. g6 1-0

[Event "Paul Keres mem (35th)"]
[Site "Richmond CAN"]
[Date "2010.05.22"]
[Round "2.2"]
[White "Rivas Pastor, Manuel"]
[Black "Wu, Howard"]
[Result "1-0"]
[WhiteElo "2536"]
[BlackElo "2187"]
[PlyCount "70"]
[EventDate "2010.05.22"]
[EventType "swiss"]
[EventRounds "6"]
[EventCountry "CAN"]

1. c3 c5 2. f4 Nc6 3. Nf3 g6 4. e3 Bg7 5. d4 cxd4 6. exd4 d5 7. Be2 Nf6 8. O-O
O-O 9. Nbd2 Ne8 10. Ne5 f6 11. Nd3 b6 12. Re1 Bb7 13. Bf3 Nc7 14. Qe2 Ba6 15.
Qe3 Bxd3 16. Qxd3 e5 17. f5 gxf5 18. Qxf5 Ne7 19. Qh3 Ng6 20. Nf1 Qd6 21. Ng3
Ne6 22. Nf5 Qd8 23. Nh6+ Bxh6 24. Qxe6+ Kg7 25. Qxd5 Qxd5 26. Bxd5 Rad8 27.
Bxh6+ Kxh6 28. c4 exd4 29. Rad1 Ne5 30. Rxd4 Nxc4 31. Re7 Ne5 32. Rxa7 Rc8 33.
Bb3 Rfd8 34. Raa4 Rc1+ 35. Kf2 Rdc8 1-0

[Event "Paul Keres mem (35th)"]
[Site "Richmond CAN"]
[Date "2010.05.22"]
[Round "2.3"]
[White "Trochtchanovitch, Pavel"]
[Black "Yoos, John"]
[Result "0-1"]
[WhiteElo "2090"]
[BlackElo "2453"]
[PlyCount "166"]
[EventDate "2010.05.22"]
[EventType "swiss"]
[EventRounds "6"]
[EventCountry "CAN"]

1. e4 c5 2. Nf3 d6 3. d4 Nf6 4. Nc3 cxd4 5. Nxd4 Nc6 6. Be3 Ng4 7. Bc1 Qb6 8.
h3 Qxd4 9. hxg4 Qxd1+ 10. Nxd1 Bxg4 11. Ne3 Bd7 12. Bd2 e6 13. Bc3 O-O-O 14.
O-O-O h6 15. Bc4 Rg8 16. Bb3 Be7 17. Kb1 Kc7 18. f4 b5 19. a3 a5 20. Be1 Rb8
21. Ba2 b4 22. a4 Nd8 23. Bb3 Nb7 24. Nc4 Bc6 25. f5 Bxe4 26. fxe6 fxe6 27. Rg1
Bd5 28. Bf2 Bxc4 29. Bxc4 d5 30. Bb5 Bc5 31. Bg3+ Bd6 32. Bf2 Rgf8 33. Be3 Bc5
34. Rge1 Bxe3 35. Rxe3 Rf6 36. c4 Nd6 37. cxd5 Nxb5 38. axb5 exd5 39. Rxd5 Kb6
40. Ka2 Rc8 41. Ree5 Rg6 42. g4 Rxg4 43. Re6+ Kb7 44. Rdd6 Rc1 45. b6 Ka6 46.
Rd7 b3+ 47. Kxb3 Rb4+ 48. Ka2 Rxb6 49. Ree7 g5 50. Rg7 Rc2 51. Ka3 Kb5 52. Ra7
Rf2 53. Rge7 Rf5 54. Ra8 Kc4 55. Rc8+ Kd4 56. Rd8+ Rd5 57. Rde8 h5 58. Re4+ Kc5
59. b3 g4 60. Ra8 Kb5 61. Ra4 Ra6 62. Rb8+ Kc6 63. Re4 Ra7 64. Rg8 Rad7 65.
Re6+ R7d6 66. Re7 Kc5 67. Rc8+ Kd4 68. Rc4+ Kd3 69. Kb2 Rf5 70. Re1 Rf2+ 71.
Ka3 Rd5 72. Rce4 Kd2 73. Rg1 Re2 74. Rf4 Ke3 75. Rf7 Re5 76. Rg3+ Ke4 77. Rc3
Rd2 78. Rc1 Rd3 79. Rc4+ Ke3 80. Rc1 Rb5 81. Re1+ Kd2 82. Rfe7 Rbxb3+ 83. Ka2
Ra3+ 0-1

[Event "Paul Keres mem (35th)"]
[Site "Richmond CAN"]
[Date "2010.05.22"]
[Round "2.4"]
[White "Rohonyan, Katerina"]
[Black "Kyriakides, Savvas"]
[Result "1/2-1/2"]
[WhiteElo "2329"]
[BlackElo "2092"]
[PlyCount "80"]
[EventDate "2010.05.22"]
[EventType "swiss"]
[EventRounds "6"]
[EventCountry "CAN"]

1. c4 Nf6 2. Nc3 g6 3. g3 Bg7 4. Bg2 e5 5. Nf3 d6 6. O-O O-O 7. d3 Nc6 8. Rb1
a5 9. Bg5 h6 10. Bxf6 Bxf6 11. a3 Be6 12. b4 axb4 13. axb4 Qd7 14. Nd5 Bxd5 15.
cxd5 Nd4 16. Nxd4 exd4 17. Ra1 Rfb8 18. Qc2 Kg7 19. Rfc1 Bd8 20. Qc4 b5 21.
Qxd4+ Bf6 22. Rxa8 Rxa8 23. Qe4 Ra1 24. Rxa1 Bxa1 25. h4 Bc3 26. e3 Qf5 27.
Qxf5 gxf5 28. d4 Bxb4 29. Bf1 Kf6 30. Bxb5 Bd2 31. Kg2 Ke7 32. Kf3 Be1 33. Bd3
Kf6 34. Bc2 h5 35. Bd3 Kg6 36. Kf4 Bxf2 37. Bxf5+ Kf6 38. Bd3 Be1 39. e4 Bd2+
40. Kf3 Bc3 1/2-1/2

[Event "Paul Keres mem (35th)"]
[Site "Richmond CAN"]
[Date "2010.05.22"]
[Round "2.5"]
[White "Salcedo, Daniel"]
[Black "Roua, Radu Laurentiu"]
[Result "1/2-1/2"]
[WhiteElo "2084"]
[BlackElo "2263"]
[PlyCount "129"]
[EventDate "2010.05.22"]
[EventType "swiss"]
[EventRounds "6"]
[EventCountry "CAN"]

1. d4 d5 2. c4 c6 3. Nc3 Nf6 4. Bg5 Nbd7 5. e3 a6 6. Nf3 e6 7. Ne5 Qa5 8. Nxd7
Bxd7 9. Bxf6 gxf6 10. a3 dxc4 11. Bxc4 b5 12. Bd3 f5 13. O-O Be7 14. Qh5 Qc7
15. e4 fxe4 16. Nxe4 Qf4 17. g3 Rg8 18. Kh1 Qg4 19. Qxg4 Rxg4 20. f4 Rg7 21.
Kg2 Rd8 22. Be2 Bc8 23. Rfd1 f5 24. Nc5 Bf6 25. Bf3 Bxd4 26. Bxc6+ Ke7 27. Nb7
Bxb7 28. Bxb7 a5 29. Rd2 Be3 30. Rxd8 Kxd8 31. Re1 Bd2 32. Rd1 Rxb7 33. Rxd2+
Ke7 34. Rc2 Kd6 35. Kf3 b4 36. a4 b3 37. Rc3 Rb4 38. Ke3 h5 39. Kd3 Kd5 40. Ke3
Re4+ 41. Kd3 Rxa4 42. Rxb3 h4 43. Rb8 hxg3 44. hxg3 Rd4+ 45. Kc3 Ke4 46. Rb6
Rd3+ 47. Kc2 Rxg3 48. Rxe6+ Kxf4 49. Ra6 Ke4 50. Rxa5 f4 51. Ra8 Rg2+ 52. Kc3
f3 53. Re8+ Kf4 54. Rf8+ Kg3 55. b4 f2 56. b5 Rg1 57. Kd4 f1=Q 58. Rxf1 Rxf1
59. Kd5 Rb1 60. Kc6 Kf4 61. b6 Ke5 62. b7 Ke6 63. Kc7 Rc1+ 64. Kd8 Rb1 65. Kc7
1/2-1/2

[Event "Paul Keres mem (35th)"]
[Site "Richmond CAN"]
[Date "2010.05.22"]
[Round "2.6"]
[White "Kostin, Andrey"]
[Black "Milicevic, Dragoljub"]
[Result "1-0"]
[WhiteElo "2062"]
[BlackElo "2230"]
[PlyCount "123"]
[EventDate "2010.05.22"]
[EventType "swiss"]
[EventRounds "6"]
[EventCountry "CAN"]

1. e4 d5 2. exd5 Nf6 3. d4 Nxd5 4. Nf3 g6 5. Be2 Bg7 6. O-O O-O 7. c4 Nb6 8.
Be3 Bg4 9. Nbd2 c6 10. h3 Bf5 11. Ne5 f6 12. Nef3 a5 13. Re1 Qc7 14. Nf1 Na6
15. Ng3 Be6 16. Qc1 Bf7 17. b3 Nd7 18. Bf4 e5 19. dxe5 Nxe5 20. Nxe5 fxe5 21.
Bh6 Be6 22. Bxg7 Qxg7 23. Qc3 Nc5 24. Bf3 Nd7 25. Rad1 a4 26. Ne4 axb3 27. axb3
Qh6 28. Qe3 Qxe3 29. Rxe3 h6 30. Rd6 Rae8 31. Bg4 Bxg4 32. Rxg6+ Kh7 33. Rxg4
Nf6 34. Nxf6+ Rxf6 35. Rge4 Rd8 36. Rxe5 Rd1+ 37. Re1 Rd2 38. R5e2 Rxe2 39.
Rxe2 b6 40. Re4 Rd6 41. Re7+ Kg6 42. Kf1 Kf6 43. Re3 Rd2 44. g3 b5 45. cxb5
cxb5 46. Rc3 Rb2 47. Kg2 Ke6 48. g4 Kd5 49. h4 b4 50. Re3 Rc2 51. g5 hxg5 52.
hxg5 Rc6 53. Kg3 Kd4 54. Kg4 Rc2 55. Rf3 Rc6 56. Kh5 Ke4 57. Rg3 Rc8 58. Kh6
Kf5 59. g6 Rc1 60. Rf3+ Ke4 61. Rh3 Rc3 62. Rh4+ 1-0

[Event "Paul Keres mem (35th)"]
[Site "Richmond CAN"]
[Date "2010.05.22"]
[Round "2.7"]
[White "Jiganchine, Roman"]
[Black "Moore, David"]
[Result "1/2-1/2"]
[WhiteElo "2254"]
[BlackElo "2072"]
[PlyCount "69"]
[EventDate "2010.05.22"]
[EventType "swiss"]
[EventRounds "6"]
[EventCountry "CAN"]

1. e4 c5 2. Nf3 d6 3. d4 cxd4 4. Nxd4 Nf6 5. Nc3 g6 6. Be3 Bg7 7. f3 O-O 8. Qd2
Nc6 9. g4 Bd7 10. O-O-O Rc8 11. h4 h5 12. gxh5 Nxh5 13. Rg1 Ne5 14. Bh6 Bxh6
15. Qxh6 Rxc3 16. bxc3 Qa5 17. Kb2 Rc8 18. Qe3 b5 19. Nf5 Bxf5 20. exf5 b4 21.
cxb4 Qxb4+ 22. Qb3 Qc5 23. Rg5 Nxf3 24. Rd5 Qf2 25. fxg6 Nxg5 26. Rxg5 Qf6+ 27.
c3 Ng7 28. Qxf7+ Qxf7 29. gxf7+ Kxf7 30. Ra5 Rc7 31. Kb3 e5 32. Bc4+ Kf6 33.
Rb5 Nf5 34. h5 Ne3 35. Be2 1/2-1/2

[Event "Paul Keres mem (35th)"]
[Site "Richmond CAN"]
[Date "2010.05.22"]
[Round "2.8"]
[White "Patterson, Roger"]
[Black "Kong, Dezheng"]
[Result "1-0"]
[WhiteElo "2183"]
[BlackElo "2014"]
[PlyCount "55"]
[EventDate "2010.05.22"]
[EventType "swiss"]
[EventRounds "6"]
[EventCountry "CAN"]

1. e4 c5 2. Nf3 d6 3. d4 cxd4 4. Nxd4 Nf6 5. Nc3 a6 6. f4 e6 7. Qf3 Qb6 8. Nb3
Qc7 9. Bd3 b5 10. O-O Bb7 11. Bd2 Be7 12. Rae1 O-O 13. Qh3 g6 14. f5 b4 15.
fxg6 hxg6 16. Nd1 d5 17. exd5 Bxd5 18. Bh6 Nbd7 19. Ne3 Bxb3 20. axb3 Rfe8 21.
Ng4 Nxg4 22. Qxg4 Ne5 23. Rxe5 Qxe5 24. Rxf7 g5 25. Qh5 Qe1+ 26. Rf1 Qe3+ 27.
Kh1 Kh8 28. Bxg5+ 1-0

[Event "Paul Keres mem (35th)"]
[Site "Richmond CAN"]
[Date "2010.05.22"]
[Round "2.9"]
[White "Lai, Jingzhou (Peter)"]
[Black "Huang, Richard"]
[Result "1/2-1/2"]
[WhiteElo "1854"]
[BlackElo "2089"]
[PlyCount "151"]
[EventDate "2010.05.22"]
[EventType "swiss"]
[EventRounds "6"]
[EventCountry "CAN"]

1. d4 d5 2. c4 e6 3. Nc3 Nf6 4. Bg5 Nbd7 5. e3 c6 6. Nf3 Qa5 7. Nd2 Be7 8. Be2
O-O 9. O-O dxc4 10. Bxf6 Bxf6 11. Nxc4 Qc7 12. Bd3 g6 13. Rc1 Rd8 14. Qf3 Bg7
15. Ne4 Nb6 16. Nf6+ Kh8 17. Ne5 Qe7 18. Bxg6 Qxf6 19. Nxf7+ Kg8 20. Nxd8 hxg6
21. Qxf6 Bxf6 22. Nxc6 bxc6 23. Rxc6 Bd7 24. Rc2 Kf7 25. Rd1 Rc8 26. Rxc8 Bxc8
27. e4 Bb7 28. f3 Ke8 29. Kf2 Kd7 30. b3 Nc8 31. g3 Ne7 32. Ke3 Nc6 33. e5 Bg7
34. f4 Nb4 35. Kd2 a6 36. a3 Nd5 37. Rc1 Bh6 38. Ra1 Nxf4 39. gxf4 Bxf4+ 40.
Ke2 Bxh2 41. Rf1 Bd5 42. Rf7+ Kc6 43. Rg7 Bf4 44. Rxg6 Bxb3 45. Kd3 Bd5 46. Kc3
Bc1 47. Rg1 Bh6 48. Rb1 a5 49. a4 Bf8 50. Rb8 Be7 51. Rb2 Bf8 52. Rb8 Bb4+ 53.
Kb2 Bc4 54. Rd8 Kc7 55. Ra8 Kd7 56. Rb8 Bd5 57. Rg8 Bf3 58. Kc2 Kc6 59. Rd8 Be2
60. Kc1 Bc4 61. Kc2 Ba2 62. Kb2 Bd5 63. Rc8+ Kd7 64. Rb8 Ke7 65. Rg8 Kf7 66.
Rg4 Bc4 67. Rg2 Bd5 68. Rg4 Ke8 69. Rg7 Kd8 70. Rf7 Kc8 71. Rg7 Bf3 72. Kc2 Be2
73. Rf7 Bc4 74. Rg7 Bd5 75. Kb2 Bf3 76. Kc2 1/2-1/2

[Event "Paul Keres mem (35th)"]
[Site "Richmond CAN"]
[Date "2010.05.22"]
[Round "2.10"]
[White "Soliven, Joe"]
[Black "Trandafir, Stefan"]
[Result "1-0"]
[WhiteElo "2040"]
[BlackElo "1885"]
[PlyCount "83"]
[EventDate "2010.05.22"]
[EventType "swiss"]
[EventRounds "6"]
[EventCountry "CAN"]

1. c4 f5 2. e4 fxe4 3. d3 Nf6 4. Nc3 d6 5. dxe4 e5 6. Be2 Be6 7. Nf3 Be7 8. Ng5
Qd7 9. Be3 O-O 10. Nb5 Na6 11. O-O c6 12. Nc3 Nc7 13. Qb3 h6 14. Nxe6 Nxe6 15.
Rad1 b6 16. c5 bxc5 17. Bc4 Kf7 18. f4 Rab8 19. f5 Rxb3 20. fxe6+ Qxe6 21.
Bxe6+ Kxe6 22. axb3 Rb8 23. Ra1 Rxb3 24. Bc1 d5 25. exd5+ cxd5 26. Ra6+ Rb6 27.
Rxa7 d4 28. Na4 Rc6 29. b3 e4 30. Nb2 Rb6 31. Ra3 e3 32. Nc4 Rc6 33. Re1 Kf5
34. Ra7 Nd5 35. Bxe3 dxe3 36. Nxe3+ Nxe3 37. Rxe7 Nc2 38. Rf1+ Kg6 39. Rff7 Nd4
40. Rxg7+ Kh5 41. Re3 Rg6 42. Rh3+ 1-0

[Event "Paul Keres mem (35th)"]
[Site "Richmond CAN"]
[Date "2010.05.22"]
[Round "2.12"]
[White "Ingram, Richard"]
[Black "Escandor, Manuel"]
[Result "1-0"]
[WhiteElo "2033"]
[BlackElo "1782"]
[PlyCount "53"]
[EventDate "2010.05.22"]
[EventType "swiss"]
[EventRounds "6"]
[EventCountry "CAN"]

1. e4 e5 2. Nf3 Nc6 3. Bb5 d6 4. d4 exd4 5. Nxd4 Bd7 6. Bxc6 bxc6 7. O-O Be7 8.
Re1 c5 9. Nf5 Bf6 10. Nxd6+ cxd6 11. Qxd6 Be7 12. Qg3 Kf8 13. Nc3 Nf6 14. e5
Ne8 15. Be3 Rb8 16. b3 Rb6 17. Rad1 Rg6 18. Qf4 Qa8 19. Nd5 Be6 20. c4 Nc7 21.
Qe4 h5 22. Bxc5 Bxd5 23. Bxe7+ Kxe7 24. cxd5 Na6 25. e6 Rd8 26. d6+ Ke8 27.
Qa4+ 1-0

[Event "Paul Keres mem (35th)"]
[Site "Richmond CAN"]
[Date "2010.05.23"]
[Round "3.1"]
[White "Thorgeirsson, Sverrir"]
[Black "Rivas Pastor, Manuel"]
[Result "1/2-1/2"]
[WhiteElo "2218"]
[BlackElo "2536"]
[PlyCount "83"]
[EventDate "2010.05.22"]
[EventType "swiss"]
[EventRounds "6"]
[EventCountry "CAN"]

1. d4 Nf6 2. c4 e6 3. g3 c5 4. d5 exd5 5. cxd5 g6 6. Bg2 Bg7 7. Nc3 O-O 8. e4
Re8 9. Nge2 b5 10. Bf4 Ba6 11. a3 b4 12. axb4 cxb4 13. Bxb8 Bxe2 14. Nxe2 Qxb8
15. Qc2 b3 16. Qc4 Ng4 17. Ra3 Qb6 18. O-O Rab8 19. Nc1 Rec8 20. Qe2 Nxf2 21.
Rxb3 Qc5 22. Rxb8 Rxb8 23. Rxf2 Rxb2 24. Qxb2 Bxb2 25. Nd3 Qd4 26. Nxb2 a5 27.
h4 a4 28. Nxa4 Qxa4 29. Kh2 Qd4 30. Rf3 h6 31. Rf1 Kg7 32. Re1 Qc3 33. Rf1 Qb2
34. Rf3 Qe5 35. Rf1 h5 36. Rf4 d6 37. Rf1 f6 38. Rf4 Kh6 39. Rf3 Qb2 40. Rf1 g5
41. Rf5 Kg6 42. Rf3 1/2-1/2

[Event "Paul Keres mem (35th)"]
[Site "Richmond CAN"]
[Date "2010.05.23"]
[Round "3.3"]
[White "Moore, David"]
[Black "Rohonyan, Katerina"]
[Result "0-1"]
[WhiteElo "2072"]
[BlackElo "2329"]
[PlyCount "84"]
[EventDate "2010.05.22"]
[EventType "swiss"]
[EventRounds "6"]
[EventCountry "CAN"]

1. e4 g6 2. Nf3 Bg7 3. d4 d6 4. Bc4 e6 5. O-O Ne7 6. Nc3 h6 7. Be3 O-O 8. Qd2
Kh7 9. Rad1 Nd7 10. Ne2 a6 11. Ng3 b5 12. Bd3 Bb7 13. h4 c5 14. c3 Qc7 15. h5
e5 16. d5 c4 17. Bb1 Nf6 18. Nh4 Ng4 19. Qe2 Nxe3 20. fxe3 Kg8 21. Rf2 Bc8 22.
Rdf1 Bd7 23. Bc2 Rae8 24. Bd1 Qd8 25. Qd2 Bc8 26. Nf3 Bf6 27. Be2 Kg7 28. Qd1
Ng8 29. Nh2 Bg5 30. Qd2 Qb6 31. Rf3 Nf6 32. Kh1 Bd7 33. Bd1 Rb8 34. Qf2 Qd8 35.
a3 Qe7 36. Bc2 a5 37. Rb1 b4 38. axb4 axb4 39. cxb4 Rxb4 40. Qd2 Rfb8 41. Bd1
Bh4 42. Qc2 Ba4 0-1

[Event "Paul Keres mem (35th)"]
[Site "Richmond CAN"]
[Date "2010.05.23"]
[Round "3.4"]
[White "Roua, Radu Laurentiu"]
[Black "Kyriakides, Savvas"]
[Result "1/2-1/2"]
[WhiteElo "2263"]
[BlackElo "2092"]
[PlyCount "86"]
[EventDate "2010.05.22"]
[EventType "swiss"]
[EventRounds "6"]
[EventCountry "CAN"]

1. d4 Nf6 2. c4 g6 3. Nf3 Bg7 4. g3 d6 5. Bg2 O-O 6. O-O Nc6 7. Nc3 e5 8. dxe5
Nxe5 9. Nxe5 dxe5 10. Bg5 Qxd1 11. Raxd1 c6 12. Rd6 Ne8 13. Rd2 Nc7 14. Be7 Re8
15. Bd6 Ne6 16. e3 f5 17. Rc1 e4 18. Bf1 Bf8 19. Rcd1 Bxd6 20. Rxd6 Kf7 21. b4
Ng5 22. Be2 Ke7 23. R6d4 Be6 24. Na4 b6 25. Nc3 Red8 26. a3 Rd7 27. Rxd7+ Bxd7
28. b5 Rc8 29. a4 Be6 30. bxc6 Rxc6 31. Nb5 Bxc4 32. Nxa7 Rc5 33. Bxc4 Nf3+ 34.
Kg2 Rxc4 35. Rb1 Rc7 36. Rxb6 Rc1 37. h4 Rg1+ 38. Kh3 Ne1 39. Kh2 Nf3+ 40. Kh3
Rh1+ 41. Kg2 Rg1+ 42. Kh3 Rh1+ 43. Kg2 Rg1+ 1/2-1/2

[Event "Paul Keres mem (35th)"]
[Site "Richmond CAN"]
[Date "2010.05.23"]
[Round "3.5"]
[White "Salcedo, Daniel"]
[Black "Patterson, Roger"]
[Result "1/2-1/2"]
[WhiteElo "2084"]
[BlackElo "2183"]
[PlyCount "23"]
[EventDate "2010.05.22"]
[EventType "swiss"]
[EventRounds "6"]
[EventCountry "CAN"]

1. d4 f5 2. Nf3 Nf6 3. Bg5 e6 4. e3 b6 5. Nbd2 Bb7 6. Ne5 d6 7. Nd3 Be7 8. Nf4
Qd7 9. Bc4 d5 10. Bb3 O-O 11. h3 Bd6 12. Bxf6 1/2-1/2

[Event "Paul Keres mem (35th)"]
[Site "Richmond CAN"]
[Date "2010.05.23"]
[Round "3.6"]
[White "Orlov, Georgi"]
[Black "Ingram, Richard"]
[Result "1-0"]
[WhiteElo "2546"]
[BlackElo "2033"]
[PlyCount "45"]
[EventDate "2010.05.22"]
[EventType "swiss"]
[EventRounds "6"]
[EventCountry "CAN"]

1. Nf3 Nf6 2. c4 e6 3. g3 d5 4. d4 Be7 5. Bg2 O-O 6. Nc3 c6 7. O-O Nbd7 8. Qd3
c5 9. cxd5 exd5 10. Bf4 a6 11. Ne5 cxd4 12. Qxd4 Bc5 13. Qd3 Nb6 14. a4 Be6 15.
a5 Nc4 16. Nxc4 dxc4 17. Qxd8 Rfxd8 18. Bxb7 Ra7 19. Bf3 Rad7 20. Bc6 Rd4 21.
Be5 Rd2 22. Bxf6 gxf6 23. Ne4 1-0

[Event "Paul Keres mem (35th)"]
[Site "Richmond CAN"]
[Date "2010.05.23"]
[Round "3.7"]
[White "Lister, Curtis"]
[Black "Jiganchine, Roman"]
[Result "1/2-1/2"]
[WhiteElo "1971"]
[BlackElo "2254"]
[PlyCount "97"]
[EventDate "2010.05.22"]
[EventType "swiss"]
[EventRounds "6"]
[EventCountry "CAN"]

1. e4 c5 2. Nf3 Nc6 3. Nc3 e5 4. Bc4 Be7 5. Nd5 Nf6 6. d3 h6 7. Ne3 d6 8. c3
O-O 9. Nh4 Na5 10. Ng6 Nxc4 11. Nxe7+ Qxe7 12. Nxc4 Bg4 13. f3 Be6 14. Ne3 d5
15. c4 d4 16. Nd5 Bxd5 17. cxd5 Ne8 18. O-O Nd6 19. f4 f6 20. f5 Kh7 21. Qg4
Qf7 22. Rf3 Rh8 23. Bd2 Kg8 24. Rc1 Rc8 25. Rg3 b6 26. Rh3 Kf8 27. Qd1 Rc7 28.
Qa4 Qe8 29. Qa6 Qc8 30. Qxc8+ Rxc8 31. b3 Kf7 32. Rf3 Rc7 33. Rff1 Rhc8 34. Rc2
Ke8 35. Rfc1 Kd7 36. a4 a5 37. Kf2 Ke7 38. h4 h5 39. Rg1 Kf7 40. g4 hxg4 41.
Rxg4 Rh8 42. Rc1 Rh7 43. Rh1 Rc8 44. h5 Rch8 45. Rgh4 Ne8 46. Kf3 Nd6 47. Ke2
Ne8 48. Kf3 Nd6 49. Ke2 1/2-1/2

[Event "Paul Keres mem (35th)"]
[Site "Richmond CAN"]
[Date "2010.05.23"]
[Round "3.8"]
[White "Milicevic, Dragoljub"]
[Black "Lai, Jingzhou (Peter)"]
[Result "1/2-1/2"]
[WhiteElo "2230"]
[BlackElo "1854"]
[PlyCount "61"]
[EventDate "2010.05.22"]
[EventType "swiss"]
[EventRounds "6"]
[EventCountry "CAN"]

1. Nf3 Nf6 2. g3 g6 3. b3 d5 4. Bb2 Bg7 5. Bg2 c5 6. O-O O-O 7. d4 b6 8. c4 Bb7
9. Ne5 e6 10. dxc5 bxc5 11. Qc1 Qc8 12. Nd3 Na6 13. cxd5 Bxd5 14. Nd2 Qb7 15.
f3 Qe7 16. e4 Bb7 17. Nc4 Nb4 18. Rd1 Rad8 19. Bf1 Nh5 20. Bxg7 Kxg7 21. Qc3+
Nf6 22. Na5 Nxd3 23. Nxb7 Qxb7 24. Rxd3 Rxd3 25. Bxd3 Qb6 26. Bc4 Rd8 27. g4 h6
28. h4 Qb8 29. e5 Nd5 30. Qe1 g5 31. Rd1 1/2-1/2

[Event "Paul Keres mem (35th)"]
[Site "Richmond CAN"]
[Date "2010.05.23"]
[Round "3.9"]
[White "Wu, Howard"]
[Black "Molden, Leonard"]
[Result "1-0"]
[WhiteElo "2187"]
[BlackElo "1997"]
[PlyCount "75"]
[EventDate "2010.05.22"]
[EventType "swiss"]
[EventRounds "6"]
[EventCountry "CAN"]

1. e4 d6 2. c4 c6 3. d4 e5 4. Nf3 Bg4 5. d5 Nf6 6. Nc3 Be7 7. Be2 Qc7 8. O-O
O-O 9. Ne1 Bxe2 10. Qxe2 Re8 11. Nd3 Nbd7 12. Be3 h6 13. Rac1 Qd8 14. b4 a5 15.
a3 Nb6 16. Nb2 axb4 17. axb4 Nfd7 18. Rfd1 Qb8 19. Qd2 Rd8 20. Ra1 Rxa1 21.
Rxa1 Qc7 22. Rd1 Nf8 23. c5 Nc8 24. Nc4 g5 25. g3 Ng6 26. Qe2 Kh7 27. Qf3 Kg7
28. Qh5 Bf8 29. Kg2 f6 30. Qg4 Qf7 31. cxd6 h5 32. Qe6 Nxd6 33. Bb6 Re8 34.
Nxd6 Bxd6 35. Qxd6 Nf4+ 36. gxf4 gxf4 37. Rg1 Kh8 38. Bd8 1-0

[Event "Paul Keres mem (35th)"]
[Site "Richmond CAN"]
[Date "2010.05.23"]
[Round "3.10"]
[White "Krzyzowski, Ernest"]
[Black "Trochtchanovitch, Pavel"]
[Result "1/2-1/2"]
[WhiteElo "1808"]
[BlackElo "2090"]
[PlyCount "42"]
[EventDate "2010.05.22"]
[EventType "swiss"]
[EventRounds "6"]
[EventCountry "CAN"]

1. c4 Nf6 2. Nc3 e6 3. Nf3 d5 4. e3 b6 5. cxd5 Nxd5 6. Bb5+ c6 7. Bc4 Bd6 8.
O-O O-O 9. e4 Nxc3 10. dxc3 Be7 11. Bf4 Nd7 12. Qc2 b5 13. Be2 Bb7 14. Rad1 Qe8
15. Rd2 Nf6 16. e5 Nd5 17. Bg3 c5 18. c4 bxc4 19. Bxc4 Qc6 20. Rfd1 Rfd8 21. a3
a5 1/2-1/2